000 00457nam a22001937a 4500
003 LK-CoDNM
005 20250107124200.0
008 250107b |||||||| |||| 00| 0 eng d
040 _aLK-CoDNM
_dLK-CoDNM
_eLK-CoDNM
041 _aeng
080 _a4
_bG22
100 _aSclater,W.L
245 _aList of Snakers
260 _aCalcutta
_bOrder of the Trustees
_c1891
300 _ax,79p ; 21 cm
650 _aScience
650 _a4 G22
942 _cBK
999 _c235306
_d235306